[Event "Toronto NAYCC U14"]
[Site "Toronto"]
[Date "2013.08.18"]
[Round "8"]
[White "Balachandran, Shesan"]
[Black "Saha, Ananda"]
[Result "0-1"]
[WhiteElo "1227"]
[BlackElo "1806"]
[PlyCount "34"]
[EventDate "2013.08.14"]
[EventType "swiss"]
[EventRounds "9"]
[EventCountry "CAN"]
[SourceTitle "EXT 2022"]
[Source "ChessBase"]
[SourceDate "2021.10.06"]
[SourceVersion "1"]
[SourceVersionDate "2021.10.06"]
[SourceQuality "1"]

1. c4 e5 2. Nc3 Nf6 3. g3 Nc6 4. e3 d6 5. Bg2 Be7 6. Nge2 0-0 7. 0-0 Bf5 8. a3 Qd7 9. Re1 e4 10. Qc2 Ne5 11. Nxe4 Nxe4 12. Bxe4 Nf3+ 13. Kh1 Bxe4 14. Qxe4 Nxe1 15. Nd4 Bf6 16. Qxb7 Bxd4 17. exd4 Qh3 0-1

[Event "CAN-ch U14"]
[Site "Ottawa"]
[Date "2013.07.11"]
[Round "4"]
[White "Balachandran, Shesan"]
[Black "Ye, Hanyuan"]
[Result "0-1"]
[WhiteElo "1250"]
[BlackElo "1750"]
[PlyCount "122"]
[EventDate "2013.07.10"]
[EventType "swiss"]
[EventRounds "6"]
[EventCountry "CAN"]
[SourceTitle "EXT 2022"]
[Source "ChessBase"]
[SourceDate "2021.10.06"]
[SourceVersion "1"]
[SourceVersionDate "2021.10.06"]
[SourceQuality "1"]

1. c4 c5 2. Nc3 Nc6 3. g3 g6 4. Nf3 Bg7 5. Bg2 e5 6. d3 Nge7 7. 0-0 d6 8. Bg5 f6 9. Bd2 0-0 10. Rb1 Be6 11. a3 a5 12. Qc2 Rc8 13. Na2 b5 14. b3 b4 15. Rfc1 Bg4 16. h3 Bxf3 17. Bxf3 Nd4 18. Qd1 Nxf3+ 19. exf3 Nc6 20. f4 Nd4 21. Be3 Ne6 22. Qf3 Qd7 23. Qd5 exf4 24. Bxf4 Kh8 25. Qxd6 Qxd6 26. Bxd6 Rfd8 27. Bf4 Nxf4 28. gxf4 Rxd3 29. Kg2 Rd2 30. axb4 axb4 31. Nxb4 cxb4 32. c5 f5 33. Rc4 Rd4 34. Rbc1 Rxc4 35. Rxc4 Bc3 36. Kg3 Kg7 37. Kf3 Kf6 38. Ke3 Ke6 39. f3 Kd5 40. c6 Rxc6 41. Rxc6 Kxc6 42. Kd3 Kd5 43. Kc2 Kd4 44. Kd1 Be1 45. Kxe1 Kc3 46. Kd1 Kxb3 47. Kc1 Ka2 48. Kd2 b3 49. Kc3 b2 50. Kd4 b1Q 51. Ke5 Qd3 52. Kf6 Qxf3 53. Kg5 Kb3 54. Kh4 Qh5+ 55. Kg3 Kc3 56. Kg2 Qh4 57. Kh2 Qf2+ 58. Kh1 Kd3 59. h4 Ke3 60. h5 Kf3 61. hxg6 Qg2# 0-1

[Event "CAN-ch U14"]
[Site "Vancouver"]
[Date "2012.07.05"]
[Round "6"]
[White "Hewson, Andrew"]
[Black "Balachandran, Shesan"]
[Result "0-1"]
[WhiteElo "870"]
[BlackElo "1018"]
[PlyCount "36"]
[EventDate "2012.07.03"]
[EventType "swiss"]
[EventRounds "7"]
[EventCountry "CAN"]
[SourceTitle "EXT 2022"]
[Source "ChessBase"]
[SourceDate "2021.10.06"]
[SourceVersion "1"]
[SourceVersionDate "2021.10.06"]
[SourceQuality "1"]

1. e3 c6 2. Nh3 d5 3. c4 Nf6 4. b3 Bf5 5. Nc3 e6 6. cxd5 exd5 7. b4 Bxb4 8. Nb1 Bd6 9. Qa4 0-0 10. Bb2 Nbd7 11. Bxf6 Qxf6 12. Nc3 Rfe8 13. Be2 Nc5 14. 0-0 Nxa4 15. Rab1 Nxc3 16. Rxb7 Nxe2+ 17. Kh1 Bxh3 18. gxh3 Qf3# 0-1